Statistics for アーバンネットワークの路線(JR西日本・関西)

Click here to take the quiz!

General Stats

  • This quiz has been taken 63 times
  • The average score is 18 of 21

Answer Stats

ヒントAnswer% Correct
天王寺 - 天王寺大阪環状線
98%
大阪 - 姫路JR神戸線
98%
京都 - 大阪JR京都線
96%
長浜 - 京都琵琶湖線
94%
奈良 - 京都奈良線
94%
柘植 - 加茂関西本線
94%
相生 - 播州赤穂赤穂線
94%
永原 - 京都湖西線
91%
柘植 - 草津草津線
89%
京都 - 園部嵯峨野線
89%
姫路 - 上郡山陽本線
89%
天王寺 - 和歌山阪和線
89%
日根野 - 関西空港関西空港線
89%
大阪 - 久宝寺おおさか東線
85%
木津 - 京橋学研都市線
85%
京橋 - 尼崎JR東西線
85%
大阪 - 篠山口JR宝塚線
85%
加茂 - JR難波大和路線
81%
王寺 - 和歌山和歌山線
79%
西九条 - 桜島JRゆめ咲線
77%
奈良 - 高田万葉まほろば線
57%

Score Distribution

Percentile by Number Answered

Percent of People with Each Score

Your Score History

You have not taken this quiz